K vývinu českej a slovenskej literatúry od oslobodenia - literatúra budovania a výchovy nového človeka

Bibliographic Details
Main Author: Knězek, Libor, 1929-2017 (Author)
Format: Article
Language:Slovak
Subjects:

MARC

LEADER 00000nab a2200000 a 4500
001 vtls000344712
003 SK-MaSNL
005 20260304181026.0
008 230223c1989 xo 0 slo
015 |a SNBRB19rr/mm-uuuuu 
035 |a CL0344834 
035 |a urn:nbn:sk:snk-ab8fu 
035 |a (urnnbn)urn:nbn:sk:snk:ar-a04xr1 
035 |a (uuid)951b7720-4cdb-457d-a410-1f075688c2ca 
040 |a SNKBUCL  |b slo  |c SNKBUCL  |e AACR2 
041 0 |a slo 
044 |a xo  |c SK 
080 |a 82(091):885.4"19"  |2 1981 
080 |a 885.4"19"  |2 1981 
080 |a 885.4(091)"19"  |2 1981 
080 |a 82(091)  |2 1981 
080 |a 885.0"19"  |2 1981 
080 |a 885.0(091)"19"  |2 1981 
100 1 |a Knězek, Libor,  |d 1929-2017  |4 aut  |9 175873 
245 1 0 |a K vývinu českej a slovenskej literatúry od oslobodenia - literatúra budovania a výchovy nového človeka  |c Libor Knězek 
500 |a V rubrike Informácie. 
650 0 7 |a slovenská literatúra  |2 snkbucl  |9 1115 
650 0 7 |a česká literatúra  |2 snkbucl  |9 1178 
655 7 |a články z novín a časopisov  |2 snkbucl  |9 267496 
655 7 |a články z odboru literárna veda a krásna literatúra  |2 snkbucl  |9 770045 
773 0 |t Slovenský jazyk a literatúra v škole  |g Roč. 35, č. 1 (1988/1989), s. 22-24 
850 |a Slovenská národná knižnica v Martine  |a MTA001 
852 |a SNK  |b KIS3GCP 
954 |a odborná, vedecká literatúra pôvodná (slovenská)  |2 lita 
958 |a RK 
958 |a CZ 
958 |a LX 
958 |a OND 
958 |a EUIPO 
958 |a article27 
992 |a RBX 
999 |c 3021349  |d 3023279